000 00212nam a2200097Ia 4500
005 20251222114407.0
008 251222s1900||||xx |||||||||||||| ||spa||
082 _aDVD0070/D95O/2001
245 0 _aOrdet:
942 _cDVD
999 _c1881
_d1881